000 01402nam0a2200313 4500
001 RU\NLR\BIBL_A\011395956
005 20260405101725.0
010 _a9785985851588
_91000
021 _aRU
_b2017-33079
_92430
035 _a(RuMoRGB)008877199
035 _a(NLR Aleph) 011395956
090 _a11479119
_c11479119
100 _a20170530d2017 u y0rusy50 ca
101 0 _arus
102 _aRU
105 _aca||z|||000gy
200 1 _aНа тропе любви
_eстихотворения, 2000-2016
_fВалентин Орлов
210 _aУльяновск
_cУльяновский Дом печати
_d2017
215 _a509 с.
_cил., цв. ил., портр.
_d21
300 _aНа 496-й с. авт.: Орлов В.С., ген.-майор
327 1 _aСодерж.: циклы: "Люби страну, какая есть..."; Из судьбы моей; Поговори со мной; Мудрая природа; Родник души; Не срослось, не отболнло; Листая памяти страницы; Слово о поэте
686 _aШ5(2=Р)64-65я44
_2rubbk
686 2 _aШ6(2=Р)8-5
700 1 _7ca
_8rus
_aОрлов
_bВ. С.
_cпоэт
_f1937-
_gВалентин Сергеевич
_920607
_3RU\NLR\AUTH\7737619
942 _cBOOK
980 _aNBR